00429 2200169 4500001002100000005001500021008004100036035001900077041000700096082001000103090001600113100001200129245004200141260003400183300001800217650002400235INLIS00000000001448320241224114743241224||||||||| | ||| |||| || |  0010-1224014483 aid0 a408.4 a408.4 PRA m0 aPracoyo00aMEMBUKA JENDELA DUNIA MELALUI MEMBACA aJakartabCV. Jaya Abadic2006 a56hlm;18x25cm 0aBahasa & Linguistik